000 00899cam a22002293a 4500
020 _a0439317509 (pbk.)
040 _cYVO
082 _a831 SCH 2001 A092 Or.
100 1 _aWest, Tracey,
245 1 0 _aHoliday hi-jynx :
_ba Pokemon sticker storybook /
246 1 _aPokémon
260 _aNew York :
_bScholastic,
_cc2001.
300 _a46 p. :
_bcol. ill. ;
_c20 cm.
520 _a"Team Rocket is taking a break from stealing Pokemon. Now, they're stealing Christmas presents! Ash and his friends must team up with Santa's Pokemon, Jynx, to save Christmas. But can they stop Team Rocket in time?"--P. [4] of cover.
650 0 _aAnimals, Mythical
650 0 _aPokémon (Fictitious characters)
650 0 _aAnimals, Mythical
650 0 _aChristmas stories.
650 0 _aPokémon (Fictitious characters)
710 2 _aCopyright Paperback Collection (Library of Congress)
942 _cEK
999 _c12033
_d12033